Central Library OPAC University of Rajshahi
Normal view MARC view

Entry Topical Term

Number of records used in: 4

001 - CONTROL NUMBER

  • control field: 7516

003 - CONTROL NUMBER IDENTIFIER

  • control field: BD-RjUL

005 - DATE AND TIME OF LATEST TRANSACTION

  • control field: 20230517120543.0

008 - FIXED-LENGTH DATA ELEMENTS

  • fixed length control field: 230517|| aca||aabn | a|a d

040 ## - CATALOGING SOURCE

  • Original cataloging agency: BD-RjUL
  • Transcribing agency: BD-RjUL

150 ## - HEADING--TOPICAL TERM

  • Topical term or geographic name entry element: Fishes
  • General subdivision: Breeding

670 ## - SOURCE DATA FOUND

  • Source citation: Work cat.: (BD-RjUL)81400: Beaumont, A. R. (Andy R.) 7514, Biotechnology and genetics in fisheries and aquaculture /, 2010.